Intructor`s Resource Manual to Company intermediate Algebra 2a edition
| Main Authors: | , , |
|---|---|
| Format: | Section = Libro |
| Language: | Undetermined Spanish |
| Published: |
[s.l]
[s.e]
[200
|
| Subjects: |
| LEADER | 00545nam a2200205Ia 4500 | ||
|---|---|---|---|
| 008 | 240829s9999 xx 000 0 und d | ||
| 040 | |a BIBLIOTECA-RUSB/ 512.9 M648 | ||
| 041 | |a spa | ||
| 082 | |a 512.9 M648 | ||
| 100 | 1 | |a Miller, Julie | |
| 100 | 1 | |b O`Nelly, Molly. | |
| 100 | 1 | |c Hyde, Nancy | |
| 245 | 1 | 0 | |a Intructor`s Resource Manual to Company intermediate Algebra 2a edition |
| 260 | |a [s.l] |b [s.e] |c [200 | ||
| 300 | |a 333 p. :il. | ||
| 650 | 7 | |a ALGEBRA | |
| 650 | 7 | |b ADRIESTAMIENTO EN ALGEBRA | |
| 942 | |c BK |2 ddc | ||
| 991 | |a TEXTO | ||
| 999 | |c 1515 | ||